| 000 | 00399cam a2200169ua 4500 | ||
|---|---|---|---|
| 020 | _c21 | ||
| 041 |
_aeng _h |
||
| 082 |
_a824 _bPRI/SE |
||
| 100 | _aPriestley, J B . | ||
| 245 |
_aSelf - Selected Essays / _cJ B Priestley. _hTextual Documents |
||
| 260 |
_a : _bWilliam Heinemann Ltd , _c1950. |
||
| 300 | _a320 ; . | ||
| 365 | _a21 | ||
| 504 | _a | ||
| 942 | _cBK | ||
| 999 |
_c3084 _d3084 |
||